000 00950nam a2200205Ia 4500
003 Ost
005 20260507075026.0
008 260507s9999||||xx |||||||||||||| ||und||
020 _a6015977
040 _cfsecg
041 _aara
082 _a330
100 _aملوخية، أحمد فوزي
_eمؤلف
245 0 _aالإقتصاد الجزئي /
_c أحمد فوزي ملوخية
260 _aالإسكندرية:
_bمكتبة بستان المعرفة,
_c2003
300 _a392 صفحة؛
_bإيضاحات ؛
_c24 سم
520 _aالمشكلة الإقتصادية والنظم الإقتصادية- نظرية الثمن- نظريات تحليل سلوك المستهلك- نظريات الإنتاج- نظرية النقود والتضخم والدورات الإقتصادية- البنيان الإقتصادي والدخل القومي
653 _aالإقتصاد الجزئي، الدخل القومي
942 _cكتاب
999 _c42332
_d42332